MARC details
| 000 -LEADER |
| fixed length control field |
02262nam a22003737a 4500 |
| 001 - CONTROL NUMBER |
| control field |
100439 |
| 003 - CONTROL NUMBER IDENTIFIER |
| control field |
KnowledgeUnlatched |
| 005 - DATE AND TIME OF LATEST TRANSACTION |
| control field |
20210303105359.0 |
| 006 - FIXED-LENGTH DATA ELEMENTS--ADDITIONAL MATERIAL CHARACTERISTICS |
| fixed length control field |
m o d |
| 007 - PHYSICAL DESCRIPTION FIXED FIELD--GENERAL INFORMATION |
| fixed length control field |
cr u|||||||||| |
| 008 - FIXED-LENGTH DATA ELEMENTS--GENERAL INFORMATION |
| fixed length control field |
210129p20162017enk o u00| u eng d |
| 035 ## - SYSTEM CONTROL NUMBER |
| System control number |
(OCoLC)982239589 |
| 037 ## - SOURCE OF ACQUISITION |
| Institution to which field applies |
BiblioBoard |
| 020 ## - INTERNATIONAL STANDARD BOOK NUMBER |
| International Standard Book Number |
9781472514240 |
| 029 1# - OTHER SYSTEM CONTROL NUMBER (OCLC) |
| OCLC library identifier |
https://library.biblioboard.com/ext/api/media/2f8cef1e-5b5f-40f4-bb76-7755f6432655/assets/thumbnail.jpg |
| 040 ## - CATALOGING SOURCE |
| Original cataloging agency |
ScCtBLL |
| Transcribing agency |
ScCtBLL |
| 100 1# - MAIN ENTRY--PERSONAL NAME |
| Personal name |
McEnery, Anthony |
| Relator term |
author. |
| 245 00 - TITLE STATEMENT |
| Title |
Corpus Linguistics and 17th-Century Prostitution |
| Remainder of title |
Computational Linguistics and History / |
| Statement of responsibility, etc. |
Anthony McEnery, Helen Baker. |
| 264 #1 - PRODUCTION, PUBLICATION, DISTRIBUTION, MANUFACTURE, AND COPYRIGHT NOTICE |
| Name of producer, publisher, distributor, manufacturer |
Bloomsbury Academic, |
| 300 ## - PHYSICAL DESCRIPTION |
| Extent |
1 online resource (270 p.) |
| 506 0# - RESTRICTIONS ON ACCESS NOTE |
| Terms governing access |
Access copy available to the general public. |
| Standardized terminology for access restriction |
Unrestricted |
| Source of term |
star |
| 520 ## - SUMMARY, ETC. |
| Summary, etc. |
Corpus linguistics has much to offer history, being as both disciplines engage so heavily in analysis of large amounts of textual material.This book demonstrates the opportunities for exploring corpus linguistics as a method in historiography and the humanities and social sciences more generally. Focusing on the topic of prostitution in 17th-century England, it shows how corpus methods can assist in social research, and can be used to deepen our understanding and comprehension.McEnery and Baker draw principally on two sources- the newsbook Mercurius Fumigosis and the Early English Books Online Corpus. This scholarship on prostitution and the sex trade offers insight into the social position of women in history. |
| 588 0# - SOURCE OF DESCRIPTION NOTE |
| Source of description note |
Description based on print version record. |
| 590 ## - LOCAL NOTE (RLIN) |
| Local note |
KU Select 2016 Front List Collection |
| 650 #7 - SUBJECT ADDED ENTRY--TOPICAL TERM |
| Topical term or geographic name entry element |
Language Arts & Disciplines / Study & Teaching |
| Source of heading or term |
bisacsh |
| 650 #0 - SUBJECT ADDED ENTRY--TOPICAL TERM |
| Topical term or geographic name entry element |
Language arts |
| 655 #0 - INDEX TERM--GENRE/FORM |
| Genre/form data or focus term |
Electronic books. |
| 700 1# - ADDED ENTRY--PERSONAL NAME |
| Personal name |
Baker, Helen |
| Relator term |
author. |
| 758 ## - |
| -- |
Is found in: |
| -- |
Knowledge Unlatched |
| -- |
https://openresearchlibrary.org/module/2774bc74-146a-484f-a7ba-ab1d6a09bbfb |
| 856 40 - ELECTRONIC LOCATION AND ACCESS |
| Uniform Resource Identifier |
<a href="https://openresearchlibrary.org/content/2f8cef1e-5b5f-40f4-bb76-7755f6432655">https://openresearchlibrary.org/content/2f8cef1e-5b5f-40f4-bb76-7755f6432655</a> |
| Public note |
View this content on Open Research Library. |
| -- |
0 |